000 01315cam a2200361 i 4500
001 768714001
003 CO-MdFUSB
005 20210513123356.0
007 ta
008 070308t2007 miua b 001 0 eng
010 _a2007009082
020 _a9780801034237 (pbk.)
020 _a080103423X (pbk.)
040 _aDLC
_cCO-MdFUSB
_dBTCTA
_dCO-MdFUSB
_dBAKER
_dC#P
_dYDXCP
_dCBC
_dUtOrBLW
_bspa
_erda
041 _aeng
082 _223
_a230.041
_bC3975
245 _aCentral themes in biblical theology :
_bmapping unity in diversity
_c/ editado por Scott J. Hafemann , Paul R. House.
264 1 _aGrand Rapids, Mich. :
_bBaker Academic,
_c[2007]
264 4 _c© 2007
300 _a329 páginas :
_bilustraciones ;
_c23 cm.
336 _2rdacontent
_atexto
_btxt
337 _2rdamedia
_asin mediación
_bn
338 _2rdacarrier
_avolumen
_bnc
504 _aIncluye referencias bibliográficas e índices.
505 _aLa relación del pacto - Los mandamientos de Dios - La expiación - El siervo del Señor - El día del Señor - El pueblo de Dios - La historia de la redención.
563 _aRùstico
650 7 _aTeología doctrinal
_9179
700 1 _aHafemann, Scott J.
_eeditor
700 1 _aHouse, Paul R.,
_d1958-
_eeditor
942 _cBK
945 _aJTF-925
999 _c66086
_d66086